Statistics for Lyrics - Rolling Stone by Hurts

Click here to take the quiz!

General Stats

  • This quiz has been taken 5 times
  • The average score is 226 of 273

Answer Stats

Lyrics% Correct
a
100%
an
100%
animal
100%
Belarus
100%
daddy
100%
her
100%
In
100%
in
100%
mother
100%
oh
100%
(Rolling
100%
rolling
100%
said
100%
she
100%
She
100%
stone
100%
stone)
100%
stone,
100%
that
100%
the
100%
was
100%
we
100%
aims
80%
alcoholic
80%
And
80%
and
80%
But
80%
can
80%
can't
80%
eyes
80%
fair
80%
go
80%
home
80%
If
80%
if
80%
is
80%
it
80%
It's
80%
Juliet
80%
knees,
80%
knees
80%
lay
80%
like
80%
living
80%
not
80%
Now
80%
on
80%
our
80%
scene
80%
see
80%
she's
80%
So
80%
something
80%
take
80%
they
80%
to
80%
To
80%
Verona
80%
vespertine
80%
where
80%
you
80%
alive
60%
alone
60%
apologize
60%
being
60%
bourgeoisie
60%
danced
60%
for
60%
For
60%
gogo
60%
kill
60%
let
60%
lies
60%
likes
60%
never
60%
please,
60%
shoots
60%
stand
60%
thank
60%
try
60%
will
60%
won't
60%
would
60%
arms
40%
back
40%
charm
40%
cheating
40%
grave
40%
here
40%
just
40%
keeps
40%
lord
40%
send
40%
them
40%
They'll
40%
this
40%
way
40%
your
40%

Score Distribution

Percentile by Number Answered

Percent of People with Each Score

Your Score History

You have not taken this quiz